|
|
|
|
| LEADER |
00000csc a2200000 a 4500 |
| 001 |
34726 |
| 005 |
20230308213253.0 |
| 008 |
963092|1955 ||||||||r|||||||||||spa|| |
| 040 |
|
|
|b spa
|
| 041 |
1 |
|
|a spa
|
| 082 |
0 |
|
|a 920
|
| 100 |
|
|
|a Medeiros, Octavio de
|9 294577
|
| 245 |
|
|
|a Antología
|c Andrés Bernáldez, prólogo de Octavio de Medeiros
|h imp
|
| 264 |
|
|
|a Madrid
|b Ediciones Fe
|c 1955
|
| 300 |
|
|
|a 316 páginas:
|c 17 cm
|
| 490 |
|
|
|a Breviarios del Pensamiento Español
|
| 650 |
1 |
|
|a Reyes catolicos
|9 10149
|
| 650 |
1 |
|
|a Don fernando
|9 287227
|
| 650 |
1 |
|
|a Doña isabel
|9 287228
|
| 650 |
1 |
|
|a Historia de españa
|
| 852 |
|
|
|a UC-CDJBV
|c TERCER PISO
|f Donación
|k margarita.gutierrez
|l 1
|m General
|p 19630924
|q 4,00
|r 2
|t 34726
|b 0
|d CDRC
|e CDRC
|g 920 TERCER PISO
|z 1963-30-92
|
| 942 |
|
|
|
| 999 |
|
|
|c 124951
|d 124951
|